Villes de Nouvelle-Aquitaine de plus de 10 000 habitants - Statistiques

Statistiques générales
  • Ce quiz a été pris 117 fois
    102 depuis la dernière actualisation
  • Le résultat moyen est 45 sur 71
Statistiques - réponses
Département Ville Population % Correct
64 Bayonne 52749
100%
33 Bordeaux 261804
100%
64 Biarritz 25764
98%
86 Poitiers 90240
98%
17 La Rochelle 78535
96%
87 Limoges 129760
96%
33 Mérignac 75729
96%
64 Pau 77066
96%
16 Angoulême 41086
95%
33 Pessac 66760
95%
79 Niort 59309
93%
40 Dax 21347
91%
40 Mont-de-Marsan 30674
91%
24 Bergerac 26323
89%
19 Brive-la-Gaillarde 46599
89%
33 Libourne 24557
89%
47 Agen 32485
87%
24 Périgueux 29516
87%
17 Saintes 25518
85%
33 Talence 45225
85%
64 Anglet 41153
84%
33 Arcachon 11259
84%
17 Rochefort 23092
84%
16 Cognac 18448
82%
19 Tulle 13992
80%
23 Guéret 12840
78%
33 Bègles 30813
76%
86 Châtellerault 31284
76%
79 Bressuire 19906
75%
17 Royan 19029
75%
47 Villeneuve-sur-Lot 21629
73%
64 Hendaye 17796
71%
33 La Teste-de-Buch 26556
69%
79 Parthenay 10058
65%
64 Saint-Jean-de-Luz 14601
65%
47 Marmande 17239
64%
33 Cenon 26778
62%
40 Biscarrosse 14551
60%
64 Orthez 10684
60%
33 Saint-Médard-en-Jalles 32538
58%
79 Thouars 14000
55%
33 Lormont 23291
53%
33 Gradignan 25835
51%
64 Oloron-Sainte-Marie 10616
51%
33 Villenave-d'Ornon 40500
51%
33 Bruges 20215
47%
33 Gujan-Mestras 22399
45%
33 Le Bouscat 24339
45%
87 Saint-Junien 11387
45%
33 Floirac 17749
44%
33 Eysines 24374
42%
33 Blanquefort 16004
40%
33 Le Haillan 11572
38%
87 Panazol 11064
38%
86 Buxerolles 10105
36%
33 Saint-André-de-Cubzac 12854
36%
40 Tarnos 12920
36%
33 Biganos 11095
35%
40 Saint-Paul-lès-Dax 14317
35%
64 Urrugne 10543
35%
33 Ambarès-et-Lagrave 16798
33%
33 Andernos-les-Bains 12472
33%
33 Cestas 16789
33%
64 Billère 13866
29%
33 Le Taillan-Médoc 10727
29%
33 Parempuyre 10142
29%
24 Boulazac Isle Manoire 10697
27%
33 Léognan 10708
27%
64 Lons 13915
27%
33 Mios 11469
25%
33 Saint-Loubès 10005
18%
Aucun quiz correspondant
Distribution des résultats
% des personnes avec chaque résultat
Percentile par nombre de réponses
Votre historique - résultats
Vous n’avez pas pris ce quiz depuis la dernière actualisation